People's self development : (Record no. 3341)

MARC details
000 -LEADER
fixed length control field 01147cam a2200301 a 4500
001 - CONTROL NUMBER
control field 2998060
003 - CONTROL NUMBER IDENTIFIER
control field OSt
005 - DATE AND TIME OF LATEST TRANSACTION
control field 20160330173337.0
008 - FIXED-LENGTH DATA ELEMENTS--GENERAL INFORMATION
fixed length control field 930923s1993 enk b 001 0 eng
010 ## - LIBRARY OF CONGRESS CONTROL NUMBER
LC control number 93037607
020 ## - INTERNATIONAL STANDARD BOOK NUMBER
International Standard Book Number 1856490793 :
Terms of availability $55.00
020 ## - INTERNATIONAL STANDARD BOOK NUMBER
International Standard Book Number 1856490807 (pbk.) :
Terms of availability $19.95
020 ## - INTERNATIONAL STANDARD BOOK NUMBER
International Standard Book Number 9840512072 (Bangladesh)
040 ## - CATALOGING SOURCE
Original cataloging agency DLC
Transcribing agency DLC
Modifying agency DLC
050 00 - LIBRARY OF CONGRESS CALL NUMBER
Classification number HN49.C6
Item number R33 1993
082 00 - DEWEY DECIMAL CLASSIFICATION NUMBER
Classification number 147
Edition number 20
Item number RAH 1993
100 1# - MAIN ENTRY--PERSONAL NAME
Personal name Rahman, Md. Anisur
Fuller form of name (Muhammad Anisur)
9 (RLIN) 7480
245 10 - TITLE STATEMENT
Title People's self development :
Remainder of title perspectives on participatory action research ; a journey through experience /
Statement of responsibility, etc. Md Anisur Rahman.
260 ## - PUBLICATION, DISTRIBUTION, ETC. (IMPRINT)
Place of publication, distribution, etc. London ;
-- Atlantic Highlands, NJ :
Name of publisher, distributor, etc. Zed Books ;
Place of publication, distribution, etc. Dhaka :
Name of publisher, distributor, etc. University Press,
Date of publication, distribution, etc. 1993.
300 ## - PHYSICAL DESCRIPTION
Extent 234 p. ;
Dimensions 23 cm.
504 ## - BIBLIOGRAPHY, ETC. NOTE
Bibliography, etc Includes bibliographical references and index.
650 #0 - SUBJECT ADDED ENTRY--TOPICAL TERM
Topical term or geographic name as entry element Community development.
9 (RLIN) 7481
650 #0 - SUBJECT ADDED ENTRY--TOPICAL TERM
Topical term or geographic name as entry element Rural development.
9 (RLIN) 2024
650 #0 - SUBJECT ADDED ENTRY--TOPICAL TERM
Topical term or geographic name as entry element Action research.
9 (RLIN) 7482
906 ## - LOCAL DATA ELEMENT F, LDF (RLIN)
a 7
b cbc
c orignew
d 1
e ocip
f 19
g y-gencatlg
942 ## - ADDED ENTRY ELEMENTS (KOHA)
Source of classification or shelving scheme Dewey Decimal Classification
Koha item type Short Loan
Holdings
Withdrawn status Lost status Source of classification or shelving scheme Damaged status Not for loan Home library Current library Date acquired Inventory number Total Checkouts Full call number Barcode Date last seen Price effective from Koha item type
    Dewey Decimal Classification     MUST Main Library MUST Main Library 30/03/2016 2004/22115   147 RAH 1993 2016-0546 30/03/2016 30/03/2016 Short Loan